[Event "TCh-SVK Extraliga 2011-12"]
[Site "Slovakia SVK"]
[Date "2012.02.11"]
[Round "7.4"]
[White "Druska,J"]
[Black "Csiba,D"]
[Result "1/2-1/2"]
[WhiteElo "2338"]
[BlackElo "2357"]

1.d4 Nf6 2.c4 g6 3.Nc3 d5 4.cxd5 Nxd5 5.e4 Nxc3 6.bxc3 Bg7 7.Bc4 c5 8.Be3 O-O
9.Ne2 Nc6 10.O-O Qc7 11.Rc1 b6 12.Bf4 e5 13.Bg3 Bd7 14.Bd5 Rae8 15.f4 exd4
16.cxd4 Bg4 17.f5 Qd7 18.fxg6 hxg6 19.dxc5 Nd4 20.c6 Qxd5 21.exd5 Nxe2+ 22.Kh1 Nxg3+
23.hxg3 Bxd1 24.Rfxd1 Bh6 25.Rc4 b5 26.Rh4 Bg5 27.Rg4 Bf6 28.d6 Re6 29.c7 Rc8
30.Rgd4 Kg7 31.Rf4 Bg5 32.Kg1 Rxd6 33.Rxd6 Bxf4 34.gxf4 Rxc7 35.Ra6 Kh6 36.Ra5 Kh5
37.Rxb5+ Kg4 38.f5 g5 39.f6 a6 40.Rb6 Kg3 41.Rb3+ Kf4 42.Rb4+ Kg3 43.Rb3+ Kh4
44.Rb6 a5 45.Rb5 a4 46.Kh2 Rc4 47.Rb7 g4 48.g3+ Kg5 49.Rxf7 Rc2+ 50.Kg1 Rxa2
51.Rg7+ Kxf6 52.Rxg4 Kf5 53.Rb4 Ke5 54.g4 Kf6 55.Rb5 Rc2 56.Ra5 Rc4 57.g5+ Ke6
58.Kf2 Kd6 59.g6 Rg4  1/2-1/2

[Event "TCh-SVK Extraliga 2011-12"]
[Site "Slovakia SVK"]
[Date "2012.02.12"]
[Round "8.6"]
[White "Schwarz,Du"]
[Black "Farkas,Ga1"]
[Result "1/2-1/2"]
[WhiteElo "2286"]
[BlackElo "2218"]

1.d4 Nf6 2.c4 g6 3.Nc3 d5 4.cxd5 Nxd5 5.e4 Nxc3 6.bxc3 Bg7 7.Be3 c5 8.Qd2 Qa5
9.Rc1 O-O 10.Nf3 Nc6 11.d5 Rd8 12.Be2 f5 13.exf5 Bxf5 14.O-O b6 15.Bh6 Be4
16.Bxg7 Kxg7 17.Qb2 Rxd5 18.c4+ Rd4 19.Nxd4 Nxd4 20.Rcd1 Qb4 21.Qa1 e5 22.Rfe1 Re8
23.Qc1 Qa4 24.Bf1 Bf5 25.Qb2 Kf6 26.f4 exf4 27.Rxd4 cxd4 28.Qxd4+ Kf7 29.Rxe8 Qxe8
30.Qxf4  1/2-1/2

[Event "Bronshoj Lang Weekend 2012"]
[Site "Copenhagen DEN"]
[Date "2012.02.13"]
[Round "6"]
[White "Haubro,M"]
[Black "Andersen,Dani"]
[Result "1/2-1/2"]
[WhiteElo "2087"]
[BlackElo "1884"]

1.c4 Nf6 2.Nc3 d5 3.d4 g6 4.cxd5 Nxd5 5.e4 Nxc3 6.bxc3 Bg7 7.Bc4 c5 8.Ne2 Nc6
9.Be3 O-O 10.O-O Bg4 11.f3 Bd7 12.Rc1 Rc8 13.d5 Na5 14.Bd3 e5 15.Ng3 c4 16.Bb1 b6
17.f4 f6 18.Qd2 Qe7 19.Rf3 Bh6 20.Rcf1 Rf7 21.fxe5 Bxe3+ 22.Qxe3 Qxe5 23.Qh6 Rcf8
24.h4 Rg7 25.Qd2 Nb7 26.h5 Nd6 27.Qd4 Rgf7 28.hxg6 hxg6 29.Qxe5 fxe5 30.Re3 Rxf1+
31.Nxf1 Rb8 32.Nd2 Bg4 33.Kf2 b5 34.a3 Rb6 35.Bc2 Ra6 36.Nb1 Rb6 37.Kg3 Bd7
38.Kf2 Kg7 39.Ke1 Rb8 40.Nd2 Rh8 41.Kf2 Rh1 42.Re1 Rh8 43.Kg3  1/2-1/2

[Event "11th Aeroflot Open B"]
[Site "Moscow RUS"]
[Date "2012.02.13"]
[Round "7"]
[White "Ovod,E"]
[Black "Zenzera,A"]
[Result "1/2-1/2"]
[WhiteElo "2412"]
[BlackElo "2337"]

1.d4 Nf6 2.c4 g6 3.Nc3 d5 4.cxd5 Nxd5 5.e4 Nxc3 6.bxc3 Bg7 7.Be3 c5 8.Rc1 Qa5
9.Qd2 cxd4 10.cxd4 Qxd2+ 11.Kxd2 O-O 12.Bd3 Nc6 13.Ne2 Rd8 14.Rc4 f5 15.f3 fxe4
16.fxe4 Bg4 17.d5 Ne5 18.Rc7 Nxd3 19.Kxd3 e6 20.Bg5 exd5 21.Bxd8 dxe4+ 22.Kxe4 Rxd8
23.Ng3 Bd7 24.Rhc1 Re8+ 25.Kf3 Rf8+ 26.Ke4 Bc6+ 27.R1xc6 bxc6 28.Rxa7 Rf2
29.Ra8+ Kf7 30.Ra7+ Kg8 31.Ra8+ Kf7 32.Ra7+ Kg8  1/2-1/2

[Event "11th Aeroflot Open B"]
[Site "Moscow RUS"]
[Date "2012.02.15"]
[Round "9"]
[White "Tsydypov,Z"]
[Black "Wang Jue"]
[Result "0-1"]
[WhiteElo "2321"]
[BlackElo "2388"]

1.d4 Nf6 2.c4 g6 3.Nc3 d5 4.cxd5 Nxd5 5.e4 Nxc3 6.bxc3 Bg7 7.Bc4 c5 8.Ne2 Qa5
9.O-O O-O 10.Be3 Nd7 11.Rb1 Nb6 12.Bb3 cxd4 13.cxd4 Bd7 14.Bd2 Qa6 15.Bb4 Bb5
16.Re1 Bd3 17.Rc1 Bxe4 18.Nf4 Bf5 19.Bxe7 Rfc8 20.Rc5 Bd7 21.Qd2 Be8 22.Qb4 Nd7
23.Ra5 Qb6 24.Rb5 Qxd4 25.Qxd4 Bxd4 26.Rxb7 Nc5 27.Bxc5 Rxc5 28.g3 Rf5 29.Re4 Be5
30.g4 Rf6  0-1

[Event "Bunratty Open"]
[Site "Bunratty IRL"]
[Date "2012.02.18"]
[Round "4"]
[White "Moynihan,K"]
[Black "Moran,S"]
[Result "1/2-1/2"]
[WhiteElo "2167"]
[BlackElo "2016"]

1.d4 Nf6 2.c4 g6 3.Nc3 d5 4.cxd5 Nxd5 5.e4 Nxc3 6.bxc3 Bg7 7.Qa4+ Nd7 8.Nf3 O-O
9.Be2 c5 10.O-O Qc7 11.Bg5 Nf6 12.d5 h6 13.Bd2 Bd7 14.Qc2 Ne8 15.c4 e5 16.Bc3 Bg4
17.Nh4 Bxe2 18.Qxe2 Nd6 19.f4 exf4 20.e5 Qe7 21.Qd3 Qxh4 22.exd6 Bxc3 23.Qxc3  1/2-1/2

[Event "Bunratty Open"]
[Site "Bunratty IRL"]
[Date "2012.02.18"]
[Round "4"]
[White "Ionescu,Co"]
[Black "Griffiths,R"]
[Result "1/2-1/2"]
[WhiteElo "2444"]
[BlackElo "2310"]

1.d4 Nf6 2.c4 g6 3.Nc3 d5 4.cxd5 Nxd5 5.e4 Nxc3 6.bxc3 Bg7 7.Bc4 c5 8.Ne2 Nc6
9.Be3 O-O 10.Rc1 Bg4 11.f3 Bd7 12.h4 Qa5 13.Kf2 Rad8 14.h5 Bc8 15.hxg6 hxg6
16.Qg1 cxd4 17.cxd4 Nxd4 18.Qh2 Qh5 19.Qxh5 gxh5 20.Rxh5 Nxe2 21.Kxe2 b6
22.e5 Be6 23.Bxe6 fxe6 24.Rc7 Kf7 25.Rxa7 Rd5 26.Bxb6 Rb8 27.Ra6 Rc8 28.f4 Rc2+
29.Kf3 Rd3+ 30.Ke4 Rg3 31.Rh3 Rgxg2 32.a4 Rc4+ 33.Bd4 Ra2 34.a5 Rca4 35.Rb3 Rxa5
36.Rxa5 Rxa5 37.Rb8 Ra2 38.Rb7 Rh2 39.Bc5 Bf8  1/2-1/2

[Event "ch-POL 2012"]
[Site "Warsaw POL"]
[Date "2012.02.18"]
[Round "1"]
[White "Miton,K"]
[Black "Piorun,K"]
[Result "1/2-1/2"]
[WhiteElo "2623"]
[BlackElo "2520"]

1.d4 Nf6 2.c4 g6 3.Nc3 d5 4.cxd5 Nxd5 5.e4 Nxc3 6.bxc3 Bg7 7.Bc4 c5 8.Ne2 Nc6
9.Be3 O-O 10.O-O e6 11.dxc5 Qa5 12.f4 Rd8 13.Qb3 Qc7 14.Rad1 Na5 15.Qb4 Rxd1
16.Rxd1 Nxc4 17.Qxc4 e5 18.h3 Be6 19.Qb4 a5 20.Qb2 Bf8 21.fxe5 Bxc5 22.Bxc5 Qxc5+
23.Nd4 Rd8 24.Rd2 Rd7 25.Kh1 Qxe5 26.Nxe6 Qxe6 27.Rxd7 Qxd7 28.Qb6 Qa4 29.Qd8+ Kg7
30.e5 Qxa2 31.Qf6+ Kg8 32.Qd8+ Kg7 33.Qf6+ Kg8  1/2-1/2

[Event "ch-ROU Men 2012"]
[Site "Sarata Monteoru ROU"]
[Date "2012.02.20"]
[Round "10.33"]
[White "Morea,G"]
[Black "Craciun,O"]
[Result "1-0"]
[WhiteElo "1882"]
[BlackElo "2060"]

1.d4 Nf6 2.c4 g6 3.Nc3 d5 4.cxd5 Nxd5 5.e4 Nxc3 6.bxc3 Bg7 7.Nf3 O-O 8.Be2 c5
9.O-O Nc6 10.Bb2 Qc7 11.Rc1 Rd8 12.Qc2 b6 13.Rcd1 Bb7 14.d5 Ne5 15.c4 Nxf3+
16.Bxf3 Bxb2 17.Qxb2 Qf4 18.Qc3 f6 19.Rfe1 Qe5 20.Qb3 Rd6 21.g3 Bc8 22.Bg2 g5
23.f3 Bd7 24.Qe3 Rd8 25.Qa3 a5 26.Qe3 Bc8 27.Rd2 Ba6 28.Bf1 h6 29.f4 gxf4
30.gxf4 Qh5 31.Rg2+ Kf8 32.Qg3 e5 33.Qg8+  1-0

[Event "ch-POL 2012"]
[Site "Warsaw POL"]
[Date "2012.02.21"]
[Round "4"]
[White "Sieciechowicz,M"]
[Black "Tomczak,J"]
[Result "1/2-1/2"]
[WhiteElo "2459"]
[BlackElo "2543"]

1.d4 Nf6 2.c4 g6 3.Nc3 d5 4.cxd5 Nxd5 5.e4 Nxc3 6.bxc3 Bg7 7.Bc4 c5 8.Ne2 O-O
9.O-O Nc6 10.Be3 e6 11.dxc5 Qa5 12.f4 Rd8 13.Qc2 Bf8 14.Nd4 Bxc5 15.Rad1 Bd7
16.f5 Ne5 17.Bb3 Rac8 18.Kh1 Ng4 19.fxe6 Nxe3 20.Qf2 Bxd4 21.exd7 Qxc3 22.dxc8=Q Rxc8
23.Qxf7+ Kh8 24.Rf3 Bg7 25.Qd7 Rb8 26.Qh3 Nxd1 27.Rxc3 Nf2+ 28.Kg1 Nxh3+
29.Rxh3 Bd4+ 30.Kf1 Rf8+ 31.Ke1 Re8 32.Bd5 Re7 33.Rf3 Kg7 34.Rd3 Be5 35.h3 Rc7
36.Ke2 b6 37.Bb3 Kf6 38.Rf3+ Kg7 39.Rd3 Kf6 40.Rf3+ Kg7 41.Rd3  1/2-1/2

[Event "TCh-CAT 2012"]
[Site "Catalunya ESP"]
[Date "2012.02.25"]
[Round "5.4"]
[White "Hernando Rodrigo,Ju"]
[Black "Barbero Senidic,A"]
[Result "0-1"]
[WhiteElo "2323"]
[BlackElo "2335"]

1.d4 Nf6 2.c4 g6 3.Nc3 d5 4.cxd5 Nxd5 5.e4 Nxc3 6.bxc3 Bg7 7.Nf3 c5 8.Rb1 O-O
9.Be2 b6 10.O-O Bb7 11.Qd3 Ba6 12.Qe3 Bxe2 13.Qxe2 Qc7 14.d5 Nd7 15.c4 Rae8
16.Bb2 Bxb2 17.Qxb2 Qf4 18.Rfe1 e6 19.Qa3 exd5 20.cxd5 Rxe4 21.Qxa7 Rxe1+
22.Rxe1 Qd6 23.Qb7 Nf6 24.Ne5 Qxd5 25.Qxb6 Ne4 26.Qb2 Ra8 27.Ng4 h5 28.Nh6+ Kh7
29.Nxf7 Qxf7 30.f3 Nf6 31.Qb6 Rxa2 32.Qxc5 Ng8 33.Kh1 Qa7 34.Qe5 Qa5 35.h4 Qxe5
36.Rxe5 Ra4 37.g3 Kg7 38.Kg2 Kf6 39.Re8 Ne7 40.Kh3 Nf5 41.Rb8 Ra3 42.Rb6+ Kg7
43.Rb7+ Kh6 44.Kg2 Ra2+ 45.Kh3 Rf2 46.Rb3 Nd4  0-1

[Event "ch-BUCA 2012"]
[Site "High Wycombe ENG"]
[Date "2012.02.25"]
[Round "5"]
[White "Foord,D"]
[Black "Brown,Mart"]
[Result "1/2-1/2"]
[WhiteElo "2039"]
[BlackElo "2183"]

1.d4 Nf6 2.c4 g6 3.Nc3 d5 4.cxd5 Nxd5 5.e4 Nxc3 6.bxc3 Bg7 7.Nf3 c5 8.Be2 O-O
9.O-O b6 10.Re1 Bb7 11.Bc4 Nc6 12.Be3 e6 13.Qd2 Qc7 14.Rac1 Rfd8 15.Bh6 Bh8
16.Qg5 cxd4 17.cxd4 Nxd4 18.Nxd4 Rxd4 19.Bxe6 Qe5 20.Qe7 Qxe6 21.Qxb7 Re8
22.Qxa7 Rxe4 23.Rxe4 Qxe4 24.Be3 Bd4 25.Re1 Bxe3 26.fxe3 b5 27.a3 Re5 28.Qc7 h5
29.Qc3 h4 30.Qc8+ Kg7 31.Qh3 Rd5  1/2-1/2

[Event "ch-POL 2012"]
[Site "Warsaw POL"]
[Date "2012.02.25"]
[Round "8"]
[White "Sieciechowicz,M"]
[Black "Olszewski,Mi"]
[Result "0-1"]
[WhiteElo "2459"]
[BlackElo "2539"]

1.d4 Nf6 2.c4 g6 3.Nc3 d5 4.cxd5 Nxd5 5.e4 Nxc3 6.bxc3 Bg7 7.Bc4 c5 8.Ne2 O-O
9.O-O Nc6 10.Be3 Bg4 11.f3 Bd7 12.Rb1 Qc7 13.Bf4 Qc8 14.d5 Na5 15.Bd3 e6
16.c4 exd5 17.cxd5 c4 18.Bc2 Qc5+ 19.Kh1 c3 20.Qd3 a6 21.Be3 Qc8 22.Bd4 Bb5
23.Rxb5 axb5 24.Bxg7 Kxg7 25.Nxc3 Qc4 26.Nxb5 Qxa2 27.Nd6 Qb2 28.f4 Qb4 29.e5 f6
30.Nf5+ Kh8 31.Nh4 Qc4 32.e6 Rfd8 33.Rd1 Qxd3 34.Rxd3 Nc6 35.d6 Nb4 36.Rd2 Nxc2
37.Kg1 Nb4 38.f5 g5 39.Nf3 g4 40.Ne1 Nc6 41.d7 Ra1 42.Re2 Ne7 43.Kf2 Ra5
44.Nd3 Rxf5+ 45.Kg3 h5 46.Rc2 Rb5 47.Nf4 Kg7 48.Rc7 Kh6 49.Kf2 Rb2+ 50.Ke3 Kg5
51.g3 f5 52.Kd4 Kf6 53.Kc5 b6+ 54.Kd4 Rb4+ 55.Rc4 Rxc4+ 56.Kxc4 Ke5 57.Kb5 Rb8  0-1

[Event "TCh-CZE Liga 1 Zapad"]
[Site "Czech Rep CZE"]
[Date "2012.02.26"]
[Round "9.1"]
[White "Stocek,J"]
[Black "Votava,J"]
[Result "1/2-1/2"]
[WhiteElo "2600"]
[BlackElo "2538"]

1.d4 Nf6 2.c4 g6 3.Nc3 d5 4.cxd5 Nxd5 5.e4 Nxc3 6.bxc3 Bg7 7.Be3 c5 8.Rc1 Qa5
9.Qd2 cxd4 10.cxd4 Qxd2+ 11.Bxd2 O-O 12.Nf3 e6 13.Bb5 Bd7 14.Bxd7 Nxd7 15.Rc7 Nf6
16.e5 Nd5 17.Rxb7 Rfb8 18.Rxb8+ Rxb8 19.O-O Rb2 20.a4 Bf8 21.a5 Bb4 22.Bxb4 Rxb4
23.Ra1 h6 24.h4 Kf8 25.Rc1 Ra4 26.Rc5 Ke7 27.g3 Kd7 28.Kf1 Nc7 29.h5 gxh5
30.Ke2 Nd5 31.Kd2 Ra2+ 32.Rc2 Rxa5 33.Rb2 Nb6 34.Kd3 Ra3+ 35.Ke4 Ra1 36.Nd2 Ke7
37.Kd3 Ra3+ 38.Ke2 Kf8 39.Ne4 Ra4 40.Kd3 Ra3+ 41.Ke2 Kg7 42.Nd6 Ra1 43.Rb3 Ra2+
44.Kf1 f5 45.Ne8+ Kg6 46.Nc7 Kf7 47.Rc3 Ke7 48.Rc5 Kd7 49.d5 Nxd5 50.Nxd5 exd5
51.Rxd5+ Ke6 52.Rc5 h4 53.gxh4 h5 54.Kg2 Ra4 55.Kg3 Rg4+ 56.Kf3 Rxh4 57.Ra5 Rb4
58.Rxa7 Kxe5 59.Rh7 h4 60.Rh6 Ra4  1/2-1/2

[Event "TCh-AUT 2 Mitte 2011-12"]
[Site "St. Veit AUT"]
[Date "2012.03.02"]
[Round "7"]
[White "Dietmayer Kraeutler,M"]
[Black "Rogulj,B"]
[Result "1/2-1/2"]
[WhiteElo "2222"]
[BlackElo "2394"]

1.d4 Nf6 2.c4 g6 3.Nc3 d5 4.cxd5 Nxd5 5.e4 Nxc3 6.bxc3 Bg7 7.Bc4 Qd7 8.f3 Nc6
9.Ne2 Na5 10.Bd3 b6 11.O-O Bb7 12.Be3 O-O 13.Rc1 c5 14.Qd2 Rfd8 15.Rfd1 Bc6
16.Qb2 Ba4 17.Rd2 cxd4 18.cxd4 Rac8 19.Rxc8 Rxc8 20.Ba6 Rc7 21.Qb4 Bf8 22.d5 e5
23.d6 Rc2 24.Bb5 Rxd2 25.Bxd7 Rd1+ 26.Kf2 Bxd7 27.Bd2 Nc6 28.Qb2 Bxd6 29.Be3 Nd4
30.Nc3 Rd3 31.Nd5 Ba4 32.Nc3 Bc6 33.Nd5 Bxd5 34.exd5 Nf5 35.Bg5 Kg7 36.Qb5 Bc5+
37.Ke1 Rxd5 38.Qc6 Rd6 39.Qb7 a5 40.g4 h6 41.gxf5 hxg5 42.fxg6 Rxg6 43.Qd7 Re6
44.a4 e4 45.fxe4 Rxe4+ 46.Kf1 Rd4 47.Qc6 Rd6 48.Qe8 Re6 49.Qd8 Re5 50.h3 f6
51.Kg2 Re2+ 52.Kf3 Re3+ 53.Kg2 Kf7 54.Qd7+ Kg6 55.Qc8 Re4 56.Kf3 Re7 57.Qa8 Kf5
58.Qd5+ Re5 59.Qd7+ Kg6 60.Qc8 Rf5+ 61.Kg2 Re5 62.Kf3 Kg7 63.Qd7+ Re7 64.Qc8 f5
65.Qd8 Kf7 66.Qd5+ Re6 67.Qd7+ Be7 68.Qd5 Kf6 69.Qd4+ Kg6 70.Qd7 Kf7 71.Qd5 Bc5
72.Qd7+ Kf6 73.Qd8+ Re7 74.Qh8+  1/2-1/2

[Event "TCh-AUT 2 Mitte 2011-12"]
[Site "St. Veit AUT"]
[Date "2012.03.02"]
[Round "7"]
[White "Schenk,An"]
[Black "Flumbort,A"]
[Result "1/2-1/2"]
[WhiteElo "2499"]
[BlackElo "2539"]

1.d4 Nf6 2.c4 g6 3.Nc3 d5 4.cxd5 Nxd5 5.e4 Nxc3 6.bxc3 Bg7 7.Nf3 c5 8.Bb5+ Nc6
9.O-O cxd4 10.cxd4 O-O 11.Be3 Bg4 12.Bxc6 bxc6 13.Rc1 Qa5 14.Rxc6 Qxa2 15.Qa1 Qxa1
16.Rxa1 Rfd8 17.Rca6 Bxf3 18.gxf3 Bxd4 19.Bxd4 Rxd4 20.Rxa7 Rxa7 21.Rxa7 e6
22.Ra5 Kg7 23.Rc5 Kf6 24.Kg2 Kg7 25.Kg1 Kf6 26.Kg2 Kg7  1/2-1/2

[Event "TCh-CZE Extraliga 2011-12"]
[Site "Czech Republic CZE"]
[Date "2012.03.03"]
[Round "7.8"]
[White "Kalod,R"]
[Black "Cernousek,L"]
[Result "1/2-1/2"]
[WhiteElo "2500"]
[BlackElo "2438"]

1.d4 Nf6 2.c4 g6 3.Nc3 d5 4.cxd5 Nxd5 5.e4 Nxc3 6.bxc3 Bg7 7.Be3 c5 8.Qd2 Qa5
9.Rc1 O-O 10.d5 f5 11.Nf3 fxe4 12.Ng5 Bf5 13.Bc4 Kh8 14.Be2 Na6 15.g4 Bd7
16.h4 Nc7 17.h5 Be8  1/2-1/2

[Event "2nd HD Bank Cup 2012"]
[Site "Ho Chi Minh City VIE"]
[Date "2012.03.03"]
[Round "3.6"]
[White "Xiu Deshun"]
[Black "Gao Rui"]
[Result "1/2-1/2"]
[WhiteElo "2492"]
[BlackElo "2417"]

1.d4 Nf6 2.c4 g6 3.Nc3 d5 4.cxd5 Nxd5 5.e4 Nxc3 6.bxc3 Bg7 7.Nf3 c5 8.Be3 Qa5
9.Qd2 Nc6 10.Rb1 a6 11.Rc1 f5 12.d5 fxe4 13.Ng5 Ne5 14.Nxe4 c4 15.f4 Bf5
16.Nf2 Nd3+ 17.Bxd3 Bxd3 18.Nxd3 cxd3 19.c4 Qa3 20.O-O b5 21.c5 Rd8 22.c6 Rxd5
23.Qd1 O-O 24.c7 Rc8 25.Qg4 Rf5 26.Qf3 Qxa2 27.Qb7 Rff8 28.Rfd1 Qb3 29.Rd2 a5
30.Rc5 e5 31.Rxb5 Qf7 32.Rc5 exf4 33.Bf2 Qd7 34.Qb3+ Qf7 35.Rxd3 Qxb3 36.Rxb3 a4  1/2-1/2

[Event "FSIM March 2012"]
[Site "Budapest HUN"]
[Date "2012.03.04"]
[Round "2"]
[White "Holm,S"]
[Black "Gledura,B"]
[Result "1-0"]
[WhiteElo "2256"]
[BlackElo "2283"]

1.d4 Nf6 2.c4 g6 3.Nc3 d5 4.cxd5 Nxd5 5.e4 Nxc3 6.bxc3 Bg7 7.Nf3 c5 8.Be3 O-O
9.Be2 cxd4 10.cxd4 Qa5+ 11.Bd2 Qa3 12.Qc1 Qd6 13.e5 Qd7 14.O-O b6 15.Bh6 Ba6
16.Bxg7 Kxg7 17.Re1 Bxe2 18.Rxe2 Na6 19.Re4 h6 20.e6 fxe6 21.Rh4 Rh8 22.Ne5 Qe8
23.Rg4 g5 24.h4 Qb5 25.Qc2 Qe8 26.hxg5 h5 27.Rf4 Nb4 28.Qe4 Rg8 29.g6 Nd5
30.Rf7+ Kh6 31.Rh7+ Kg5 32.Nf3+ Kf6 33.Rf7+  1-0

[Event "FSIM March 2012"]
[Site "Budapest HUN"]
[Date "2012.03.04"]
[Round "2"]
[White "Kantor,G"]
[Black "Szeberenyi,A"]
[Result "1-0"]
[WhiteElo "2316"]
[BlackElo "2305"]

1.d4 Nf6 2.c4 g6 3.Nc3 d5 4.cxd5 Nxd5 5.e4 Nxc3 6.bxc3 Bg7 7.Bg5 c5 8.Rc1 cxd4
9.cxd4 O-O 10.Nf3 Bg4 11.d5 Qd6 12.Qd2 Qa3 13.Be2 Nd7 14.h3 Bxf3 15.Bxf3 f5
16.O-O Ne5 17.Be2 fxe4 18.Rc7 Rf7 19.Rxb7 Bf8 20.Qc2 h6 21.Be3 Qd6 22.Qxe4 e6
23.Rxf7 Kxf7 24.f4 Nd7  1-0

[Event "European Ind w 2012"]
[Site "Gaziantep TUR"]
[Date "2012.03.06"]
[Round "5"]
[White "Girya,O"]
[Black "Khotenashvili,B"]
[Result "1-0"]
[WhiteElo "2406"]
[BlackElo "2490"]

1.d4 Nf6 2.c4 g6 3.Nc3 d5 4.cxd5 Nxd5 5.e4 Nxc3 6.bxc3 Bg7 7.Nf3 c5 8.Be3 Qa5
9.Bd2 O-O 10.Be2 Rd8 11.O-O Bg4 12.d5 Bxc3 13.Bxc3 Qxc3 14.Rc1 Qa5 15.Ng5 Bxe2
16.Qxe2 h6 17.Nf3 Nd7 18.e5 Nf8 19.Rfd1 Rac8 20.Rc4 b5 21.Rh4 c4 22.e6 fxe6
23.Rxh6 Qc3 24.Nd4 Qa3 25.Qg4 Rxd5 26.Rxg6+ Kf7 27.Rg8 Qc5 28.Qg7+ Ke8 29.Rxf8+ Kd7
30.Rxc8 Qxc8 31.Re1 Qa6 32.h4 Rd6 33.h5 c3 34.h6 Qxa2 35.h7 Qd2 36.Nf3  1-0

[Event "2nd HD Bank Cup 2012"]
[Site "Ho Chi Minh City VIE"]
[Date "2012.03.06"]
[Round "8.12"]
[White "Bao Khoa"]
[Black "Nguyen Van Hai"]
[Result "1-0"]
[WhiteElo "2221"]
[BlackElo "2311"]

1.d4 Nf6 2.c4 g6 3.Nc3 d5 4.cxd5 Nxd5 5.e4 Nxc3 6.bxc3 Bg7 7.Bb5+ c6 8.Ba4 O-O
9.Ne2 c5 10.O-O Nc6 11.Be3 Na5 12.Rb1 b6 13.Bb5 cxd4 14.cxd4 Bb7 15.d5 Rc8
16.Qd3 f5 17.f3 Qd6 18.Nd4 a6 19.Bxa6 Bxa6 20.Qxa6 Nc4 21.Bf2 Bxd4 22.Bxd4 fxe4
23.fxe4 Nd2 24.Rxf8+ Rxf8 25.Rxb6 Qc7 26.Rc6 Qd7 27.Rxg6+ Kf7 28.Rg7+ Ke8
29.Qa8+ Qd8 30.Qc6+ Qd7 31.Rxe7+ Kxe7 32.Bc5+ Kd8 33.Qxd7+ Kxd7 34.Bxf8 Nxe4
35.Bb4 Nf6 36.d6 Ke6 37.Kf2 Kf5 38.a4 Ke6 39.a5 Kd5 40.Ke3 Kc4 41.a6 Nd5+
42.Kf3  1-0

[Event "European Ind w 2012"]
[Site "Gaziantep TUR"]
[Date "2012.03.07"]
[Round "6"]
[White "Savina,A"]
[Black "Ushenina,A"]
[Result "0-1"]
[WhiteElo "2325"]
[BlackElo "2458"]

1.d4 Nf6 2.c4 g6 3.Nc3 d5 4.cxd5 Nxd5 5.e4 Nxc3 6.bxc3 Bg7 7.Qa4+ Nd7 8.Nf3 c5
9.Bg5 Qc7 10.Rc1 O-O 11.Bd3 h6 12.Be3 a6 13.O-O b5 14.Qa3 c4 15.Bb1 Re8 16.e5 Nb6
17.Qb2 Kh7 18.h4 Bf5 19.Bxf5 gxf5 20.Qc2 e6 21.g4 Qb7 22.gxf5 Qxf3 23.f6+ Qf5
24.Qxf5+ exf5 25.fxg7 Rg8 26.f3 Nd5 27.Kf2 Rxg7 28.Ke2 Rag8 29.Bd2 Rg2+ 30.Rf2 Rg1
31.Rxg1 Rxg1 32.Rf1 Rxf1 33.Kxf1 Kg6 34.Kg2 f4 35.a3 f6 36.exf6 Kxf6 37.Kf2 Kg6
38.Ke2 Kh5 39.Be1 Ne7 40.Kd2 Nf5 41.d5 Kg6 42.a4 Kf6 43.axb5 axb5 44.Kc1 Ne7
45.d6 Nd5 46.Kb2 h5 47.Bf2 Ke6 48.Bc5 Kd7 49.Ka3 Kc6 50.Bb4 Ne3 51.Bc5 Nd5
52.Kb2 Nf6 53.Bd4 Nd7 54.Bg1 Ne5 55.Ka3 Nd3 56.Ba7 Kxd6 57.Bb8+ Kc6 58.Ba7 Ne1
59.Bb8 Ng2 60.Kb2 Nxh4 61.Bxf4 Nxf3 62.Kc2 h4  0-1

[Event "Zagreb Open A"]
[Site "Zagreb CRO"]
[Date "2012.03.07"]
[Round "3.3"]
[White "Kozul,Z"]
[Black "Valsecchi,A"]
[Result "1-0"]
[WhiteElo "2602"]
[BlackElo "2429"]

1.d4 Nf6 2.c4 g6 3.Nc3 d5 4.cxd5 Nxd5 5.e4 Nxc3 6.bxc3 Bg7 7.Be3 b6 8.Qd2 Bb7
9.f3 O-O 10.Rd1 c5 11.d5 Qd6 12.Bc4 Nd7 13.f4 g5 14.e5 Qb8 15.Nf3 gxf4 16.Bxf4 Nxe5
17.Nxe5 Bxe5 18.O-O Bxf4 19.Rxf4 Qd6 20.Rh4 Kh8 21.Rf1 f5 22.Qd3 Qg6 23.Qe3 b5
24.Bd3 Rf6 25.Qe5 e6 26.Rg4 Qxg4 27.Qxf6+ Qg7 28.Qxe6 Rg8 29.g3 Qxc3 30.Qxf5 Qd4+
31.Rf2 Rg7 32.Be4 c4 33.Kg2 Rf7 34.Qxf7 Qxe4+ 35.Rf3 Qe2+ 36.Kh3 Bc8+ 37.g4  1-0

[Event "Zagreb Open A"]
[Site "Zagreb CRO"]
[Date "2012.03.08"]
[Round "4.11"]
[White "Zaja,I"]
[Black "Plenca,J"]
[Result "1-0"]
[WhiteElo "2516"]
[BlackElo "2317"]

1.d4 Nf6 2.c4 g6 3.Nc3 d5 4.cxd5 Nxd5 5.e4 Nxc3 6.bxc3 Bg7 7.Be3 c5 8.Qd2 Qa5
9.Rc1 O-O 10.Nf3 Rd8 11.d5 Nc6 12.Bd3 Bg4 13.O-O e6 14.dxc6 Bxf3 15.Qc2 Bh5
16.cxb7 Rab8 17.Rb1 Qc7 18.f3 c4 19.Be2 g5 20.Rfd1 Rxd1+ 21.Qxd1 Bxc3 22.Bxa7 Rxb7
23.Rxb7 Qxb7 24.Qd8+ Kg7 25.Bd4+ Bxd4+ 26.Qxd4+ e5 27.Qxc4 f6 28.Qb3 Qa7+
29.Kf1 Qd4 30.Bc4 g4 31.Qb7+ Kh6 32.Qd5 Qe3 33.Qd3 Qc1+ 34.Kf2 Kg7 35.fxg4 Bxg4
36.h3 Bh5 37.Bd5 Bg6 38.Qe3 Qb2+ 39.Kg3 Qb4 40.Qa7+ Kh6 41.Qe3+ Kg7 42.Kh2 h5
43.h4 Qa5 44.Qc1 Qd8 45.Qc3 Qd7 46.Qh3 f5 47.exf5 Qxd5 48.Qg3 Qxa2 49.Qxg6+ Kf8
50.Qf6+  1-0

[Event "European Ind w 2012"]
[Site "Gaziantep TUR"]
[Date "2012.03.09"]
[Round "7"]
[White "Khurtsidze,N"]
[Black "Lahno,Kateri"]
[Result "1/2-1/2"]
[WhiteElo "2447"]
[BlackElo "2546"]

1.d4 Nf6 2.c4 g6 3.Nc3 d5 4.cxd5 Nxd5 5.e4 Nxc3 6.bxc3 Bg7 7.Nf3 c5 8.Rb1 O-O
9.Be2 cxd4 10.cxd4 Qa5+ 11.Qd2 Qxd2+ 12.Bxd2 e6 13.O-O b6 14.d5 exd5 15.exd5 Rd8
16.Rfe1 Ba6 17.Bg5 f6 18.Bf4 Bxe2 19.Rxe2 Na6 20.Rd1 Nc5 21.d6 Bf8 22.Rd5 Rd7
23.Nd4 Nd3 24.Bg3 Rc8 25.h3 Rc1+ 26.Kh2 Rc5 27.Rxc5 bxc5 28.Nb5 a6 29.Nc3 Bxd6
30.Re6 Bxg3+ 31.fxg3 Nb4 32.a3 Kf7 33.Rb6 Nd5 34.Nxd5 Rxd5 35.Rxa6 Ke7 36.Kg1 h5
37.Kf2 Rd2+ 38.Kf3 Rd3+ 39.Kf2 c4 40.Rc6 Rxa3 41.Rxc4  1/2-1/2

[Event "Reykjavik Open"]
[Site "Reykjavik ISL"]
[Date "2012.03.09"]
[Round "4.54"]
[White "Vignisson,Ingvar Egill"]
[Black "Eriksen,M"]
[Result "0-1"]
[WhiteElo "1558"]
[BlackElo "2108"]

1.d4 Nf6 2.c4 g6 3.Nc3 d5 4.cxd5 Nxd5 5.e4 Nxc3 6.bxc3 Bg7 7.Bc4 c5 8.Ne2 O-O
9.O-O Nc6 10.Be3 Bg4 11.f3 Bd7 12.Rb1 Qc7 13.Qd2 Rad8 14.Rfc1 Bc8 15.d5 e6
16.f4 Na5 17.Qd3 Nxc4 18.Qxc4 b6 19.Rd1 exd5 20.exd5 Rfe8 21.Bd4 Bg4 22.Be5 Bxe2
23.Bxc7 Bxc4 24.Bxd8 Rxd8 25.d6 Be6 26.Rbc1 Bf8 27.d7 Rxd7 28.Rxd7 Bxd7  0-1

[Event "TCh-SVK Extraliga 2011-12"]
[Site "Slovakia SVK"]
[Date "2012.03.09"]
[Round "9.5"]
[White "Smolen,J"]
[Black "Banas,J"]
[Result "1/2-1/2"]
[WhiteElo "2377"]
[BlackElo "2318"]

1.d4 Nf6 2.c4 g6 3.Nc3 d5 4.cxd5 Nxd5 5.e4 Nxc3 6.bxc3 Bg7 7.Bg5 c5 8.Rc1 Qa5
9.Qd2 h6 10.Be3 cxd4 11.cxd4 Qxd2+ 12.Kxd2 O-O 13.Rc7 e6 14.Nf3 Nc6 15.Bb5 Rd8
16.Bxc6 bxc6 17.e5 Rd7 18.Rxd7 Bxd7  1/2-1/2

[Event "TCh-CAT 2012"]
[Site "Catalunya ESP"]
[Date "2012.03.10"]
[Round "7.2"]
[White "Pomes Marcet,J"]
[Black "Torrecillas Martinez,A"]
[Result "1/2-1/2"]
[WhiteElo "2347"]
[BlackElo "2424"]

1.d4 Nf6 2.c4 g6 3.Nc3 d5 4.cxd5 Nxd5 5.e4 Nxc3 6.bxc3 Bg7 7.Be3 c5 8.Rc1 O-O
9.Qd2 Qa5 10.Nf3 Nc6 11.d5 Rd8 12.Bd3 Bg4 13.O-O Bxf3 14.gxf3 e6 15.c4 Qxd2  1/2-1/2

[Event "TCh-CAT 2012"]
[Site "Catalunya ESP"]
[Date "2012.03.10"]
[Round "7.8"]
[White "Del Amo Carbo,J"]
[Black "Yepes Martinez,E"]
[Result "0-1"]
[WhiteElo "2029"]
[BlackElo "2256"]

1.d4 Nf6 2.c4 g6 3.Nc3 d5 4.cxd5 Nxd5 5.e4 Nxc3 6.bxc3 Bg7 7.Be3 c5 8.Rb1 O-O
9.Nf3 Nc6 10.Be2 cxd4 11.cxd4 Qa5+ 12.Qd2 Qxd2+ 13.Kxd2 Rd8 14.Kc3 Bg4 15.Rxb7 Rac8
16.Kb2 Nxd4 17.Bxd4 Rxd4 18.Nxd4 Bxd4+ 19.Kb3 Bxe2 20.f4 Bc4+ 21.Kb4 Bxa2
22.Rd1 e5 23.fxe5 Bxe5 24.Rxa7 Be6 25.h3 Rc4+ 26.Kb5 Rxe4 27.g4 Bf6 28.Ra3 Re5+
29.Kc6 Re2 30.Rf1 Be7 31.Rg3 Rc2+ 32.Kb5 Bd7+ 33.Ka5 Rb2 34.Rd1 Bd8+ 35.Ka6 Bb5+
36.Ka7 Bb6+ 37.Kb7 Be2 38.Rdd3 Be3+ 39.Kc6 Bxd3 40.Rxe3 Bc4 41.Kc5 Be6  0-1

[Event "TCh-SWE 2011-12"]
[Site "Sweden SWE"]
[Date "2012.03.10"]
[Round "8"]
[White "Wickstrom,L"]
[Black "Akesson,R"]
[Result "1/2-1/2"]
[WhiteElo "2237"]
[BlackElo "2421"]

1.d4 Nf6 2.c4 g6 3.Nc3 d5 4.cxd5 Nxd5 5.e4 Nxc3 6.bxc3 Bg7 7.Nf3 c5 8.Rb1 O-O
9.Be2 cxd4 10.cxd4 Qa5+ 11.Bd2 Qxa2 12.O-O Bg4 13.Bg5 h6 14.Be3 Bxf3 15.Bxf3 Nc6
16.Rxb7 Rab8 17.Rxb8 Rxb8 18.e5 Nb4 19.Be4 e6 20.h4 Nd5 21.Qf3 Rd8 22.h5 g5
23.Bb1 Qb3 24.Qe4 Kf8 25.Bd2 Qb2 26.Bc1 Qb3 27.Qh7 Nf4 28.Bxf4 gxf4 29.Rc1 Qb2
30.Rc7 Qb6 31.Rc5 Rxd4 32.Qc2 Rd8 33.Ba2 Kg8 34.Kh2 a5 35.Bb3 Qb4 36.Rc7 Qd2
37.Qc5 f3 38.Bxe6 fxe6 39.Rxg7+  1/2-1/2

[Event "TCh-FIN SM-Liiga 2011-12"]
[Site "Helsinki FIN"]
[Date "2012.03.11"]
[Round "11.1"]
[White "Volodin,Alek"]
[Black "Nyback,T"]
[Result "0-1"]
[WhiteElo "2498"]
[BlackElo "2627"]

1.d4 Nf6 2.c4 g6 3.Nc3 d5 4.cxd5 Nxd5 5.e4 Nxc3 6.bxc3 Bg7 7.Nf3 c5 8.Be3 Qa5
9.Bd2 O-O 10.Be2 Bg4 11.Qb3 cxd4 12.cxd4 Qb6 13.Qxb6 axb6 14.Ne5 Be6 15.Bc3 Rc8
16.Bb4 Nc6 17.Nxc6 bxc6 18.e5 c5 19.Bc3 Ra3 20.Bb2 Ra4 21.dxc5 Rxc5 22.O-O Bxe5
23.Bxe5 Rxe5 24.Bd3 Rxa2 25.Rab1 Ra3 26.f4 Re3 27.Bc2 Ra2 28.Rf2 b5 29.f5 Bc4
30.fxg6 hxg6 31.h4 Kg7  0-1